Diccionario y gramática chibcha. Manuscrito anónimo de la Biblioteca Nacional de Colombia
Сохранить в:
| Формат: | |
|---|---|
| Язык: | Undetermined |
| Опубликовано: |
Bogotá, Colombia
Instituto Caro y Cuervo
1987
|
| Серии: | Biblioteca "Ezequiel Uricoechea"
1 |
| Предметы: | |
| Метки: |
Добавить метку
Нет меток, Требуется 1-ая метка записи!
|
MARC
| LEADER | 00000nam a2200000Ia 4500 | ||
|---|---|---|---|
| 008 | 170316s9999 xx 000 0 und d | ||
| 040 | |a cru BVZT | ||
| 090 | |a R-413 D-1d IND | ||
| 245 | |a Diccionario y gramática chibcha. Manuscrito anónimo de la Biblioteca Nacional de Colombia | ||
| 260 | |a Bogotá, Colombia | ||
| 260 | |b Instituto Caro y Cuervo | ||
| 260 | |c 1987 | ||
| 300 | |a 395 páginas | ||
| 490 | |a Biblioteca "Ezequiel Uricoechea" |v 1 | ||
| 500 | |a María Stella González de Pérez, responsable de la transcripción y el estudio histórico-analítico | ||
| 650 | |a REFERENCIA |9 27 | ||
| 650 | 0 | |a DICCIONARIO |9 28 | |
| 650 | 0 | |a GRAMÁTICA |9 56 | |
| 650 | 0 | |a ESPAÑOL-CHIBCHA |9 163 | |
| 942 | |c REF |2 z | ||
| 999 | |c 14654 |d 14654 | ||
